Zion: Me'asef ha-Hevra ha-erets-yisre'elit le-Historyah ve-Etnografyah / ציון: מאסף החברה הא״י להיסטוריה ואתנוגרפיה

محفوظ في:

التنسيق: دورية

اللغة: Undetermined

منشور في: JSTOR
Historical Society of Israel / החברה ההיסטורית הישראלית

الموضوعات:

الوصول للمادة أونلاين: Login to view Source

الوسوم: إضافة وسم

لا توجد وسوم, كن أول من يضع وسما على هذه التسجيلة!

رقم الطلب:

LEADER 00825nas a2200169Ia 4500
008 220214c99999999xx |||||||||||| ||und||
022 |a 0792-528X 
245 0 0 |a Zion: Me'asef ha-Hevra ha-erets-yisre'elit le-Historyah ve-Etnografyah / ציון: מאסף החברה הא״י להיסטוריה ואתנוגרפיה 
264 1 |b JSTOR 
264 1 |b Historical Society of Israel / החברה ההיסטורית הישראלית 
362 0 |a Vol. 1(1925)-6 (1933) 
653 1 0 |a History 
653 1 0 |a Jewish Studies 
856 4 0 |u https://www.jstor.org/journal/tsiyon 
942 |c JL 
952 |0 0  |1 0  |4 0  |7 1  |9 37761  |a JSR  |b JSR  |d 2022-02-14  |l 0  |r 2022-02-14 00:00:00  |w 2022-02-14  |y JL 
999 |c 46092  |d 46092